000 00925nam a22001457a 4500
008 110628t xxu||||| |||| 00| 0 eng d
010 _aCAEPAF127
245 _aCourt of Appeal Election Petition Appeal No. 5 OF 2002 Karokora Katono Zedekia Vs Electoral Commission and another
260 _c2002
500 _aCORAM: HON. JUSTICE L.E.M. MUKASA-KIKONYOGO, DCJ HON. JUSTICE G.M. OKELLO,JA HON. JUSTICE C.N.B. KITUMBA, JA
500 _aAppeal from the decision of the High Court (Musoke-Kibuuka, J) at Mbarara given on the 3rd day of January, 2002 in Election Petition No. 2 of 2001
999 _c4158
_d4158